| 000 | 01375nam a22002297a 4500 | ||
|---|---|---|---|
| 999 |
_c6679 _d6679 |
||
| 003 | AR-CdUCM | ||
| 008 | 190319b ||||| |||| 00| 0 spa d | ||
| 040 |
_aMUNICIPALIDAD PROVINCIAL DEL CUSCO _cBIBLIOTECA MUNICIPAL DEL CUSCO |
||
| 082 |
_a980.0191 / _bC28 |
||
| 110 |
_aFondo de cultura económica _912152 |
||
| 245 |
_aTratados : _bDe Fray Bartolomé de las Casas / |
||
| 260 |
_aMéxico : _bFondo de cultura económica, _c1965. |
||
| 300 |
_a2 tomos ; _c22 cm. |
||
| 440 |
_aCronistas de indias _918726 |
||
| 505 | _aContenido : t.1 : Tratado primero : Brevísima relación de la destrucción de las indias -- Tratado segundo : Lo que sigue es un pedazo de carta -- Tratado tercero : Aquí se contiene una disputa o controversia -- Tratado cuarto : Aqui se contiene treinta proposiciones jurídicas -- Tratado quinto : Este es un tratado... sobre la materia de los indios que se han hecho en ella esclavos -- t.2 Tratado sexto : entre los remedios -- Tratado séptimo : Aqui se contiene unos avisos y reglas para los confesores -- Tratado octavo : Tratado comprobatorio del imperio soberano -- Tratado noveno : Algunos principios que deben servir de punto de partida ... | ||
| 650 |
_aBartolomé de las Casas _92795 |
||
| 650 |
_aHistoria _9246 |
||
| 650 |
_aHistoria universal _91423 |
||
| 700 |
_aMillares, Agustín _918790 |
||
| 942 |
_2ddc _cLIBROS |
||
| 945 | _arah | ||